| 000 | 00426nam a2200145Ia 4500 | ||
|---|---|---|---|
| 008 | 230917s9999||||xx |||||||||||||| ||und|| | ||
| 040 |
_e76091 _aMAIN |
||
| 041 | _aEnglish | ||
| 082 | _a658.3 S13N | ||
| 100 | _aShafritz, Jay M, ed | ||
| 245 | 4 | _aThe new world: readings on modern public personnel management | |
| 260 |
_aChicago _bInternational Personnel Management Association _c1975 |
||
| 300 | _ax, 293 p. | ||
| 942 | _cBK | ||
| 999 |
_c204127 _d204127 |
||